Land reforms and social change (Record no. 351348)

000 -LEADER
fixed length control field 00386cam a22001337a 4500
008 - FIXED-LENGTH DATA ELEMENTS--GENERAL INFORMATION
fixed length control field 180718b1984 xxu||||| |||| 00| 0 eng d
082 ## - DEWEY DECIMAL CLASSIFICATION NUMBER
Classification number Y15x5434 P1921
100 ## - MAIN ENTRY--PERSONAL NAME
Personal name Pande, Ram
245 ## - TITLE STATEMENT
Title Land reforms and social change
Statement of responsibility, etc. by Ram Pande
260 ## - PUBLICATION, DISTRIBUTION, ETC.
Place of publication, distribution, etc. Jaipur
Name of publisher, distributor, etc. Shodhak
Date of publication, distribution, etc. 1984
300 ## - PHYSICAL DESCRIPTION
Extent 122p.
650 ## - SUBJECT ADDED ENTRY--TOPICAL TERM
Topical term or geographic name entry element Social change - India - Rajasthan
650 ## - SUBJECT ADDED ENTRY--TOPICAL TERM
Topical term or geographic name entry element land tenure - India - Rajasthan
Holdings
Withdrawn status Lost status Damaged status Not for loan Permanent Location Current Location Date acquired Full call number Barcode Date last seen Price effective from Koha item type
        Indian Institute of Public Administration Indian Institute of Public Administration 1993-11-12 Y15x5434 P1921 60926 2018-07-21 2018-07-21 Book

Powered by Koha